Tekst kolędy "Dzisiaj w Betlejem" - Statystyki

Ogólne statystyki
  • Ten quiz został rozwiązany 1 936 razy
  • Średni wynik to 11 z 18
Statystyki odpowiedzi
Tekst % Poprawnych
Że Panna czysta, że Panna czysta porodziła {Syna}.
99%
Dzisiaj w Betlejem, dzisiaj w Betlejem {wesoła nowina},
98%
Chrystus się rodzi, nas {oswobodzi},
93%
I {Józef} Święty, i {Józef} Święty ono pielęgnuje.
93%
Przecież On wkrótce, przecież On wkrótce ludzi {oswobodzi}.
93%
Maryja Panna, Maryja Panna {Dzieciątko} piastuje,
91%
Cuda, cuda {ogłaszają}.
81%
Pasterze śpiewają, {bydlęta} klękają,
81%
{Anieli} grają, króle witają,
77%
Choć w {stajeneczce}, choć w {stajeneczce} Panna syna rodzi,
68%
I {Trzej Królowie}, i {Trzej Królowie} od wschodu przybyli
65%
Sławimy Ciebie, sławimy Ciebie, {Jezu} niezmierzony.
50%
Pójdźmy też i my, pójdźmy też i my przywitać {Jezusa}
39%
Króla nad królami, króla nad królami, uwielbić {Chrystusa}
33%
Któryś złożony, któryś złożony na zielonym {sianie}.
32%
I dary Panu, i dary Panu {kosztowne} złożyli
30%
Bądź pozdrowiony, bądź pozdrowiony, Boże {nieskończony}!
16%
Bądźże pochwalon, bądźże pochwalon dziś, nasz {wieczny} Panie,
9%
Nie znaleziono quizów pasujących do podanych kryteriów
Rozkład punktacji
Procent ludzi z każdym wynikiem
Percentyl według liczby udzielonych odpowiedzi
Twoja historia wyników
Nie rozwiązałeś tego quizu